000 01481cam a22004334i 4500
003 PE-LiUPU
005 20250731173444.0
008 150616s1973 sp a r 000 0 spa d
020 _a8430058419
035 _a(Sirsi) i9788430058419
040 _aPE-LiUPU
_bspa
_cPE-LiUPU
_erda
049 _aPRUA
082 0 4 _a270.6
_bG96
_221
100 1 _aGutiérrez Marín, Manuel,
_eautor.
245 1 0 _aZuinglio :
_bantología /
_cManuel Gutiérrez Marín.
264 1 _aBarcelona :
_bProducciones Editoriales del Nordeste,
_c1973.
300 _a271 páginas :
_bIlustraciones ;
_c18 centímetros.
336 _atext
_2rdacontent
337 _aunmediated
_2rdamedia
338 _avolume
_2rdacarrier
505 0 _aAmonestación del obispo de Constanza y respuesta de Zuinglio -- Música y liturgia -- Breve instrucción cristiana -- Comentario sobre la falsa y verdadera religión -- Consejero de Reyes.
526 _aSEG42
526 _aSEG41
526 _aSEG40
526 _aSEG39
526 _aP94
526 _aP87
526 _aP86
526 _aP85
526 _aP77
526 _aP76
526 _aP35
600 1 4 _aZunglio, Ullrico,
_d1484-1531
_vAntologia.
_93845
910 _ajck
942 _2ddc
_cBK
949 _a270.6 G96
_wDEWEY
_c1
_i39215
_lCCODEBUL1
_mBUL
_r0
_sY
_tBOOK
_u2015-6-16
_xTEOLOGIA
_zUNKNOWN
_0COMPRA
_o.STAFF. Colección Teología
999 _c56904
_d56904
980 _81
_gALBERTO SANCHEZ Responsable de Automatización